Joan edukira

Правовая организация управления библиотечным делом в России Монография

В монографии рассматриваются организационно-правовые вопросы управления библиотечным делом. Исследуется история возникновения и развития организационно-правовых форм библиотечного дела в России раскрывается социальная сущность современных библиотечных учреждений. Даётся анализ административно-правов...

Deskribapen osoa

Gorde:
Xehetasun bibliografikoak
Egile nagusia: Братановский С.Н
Formatua: Монография
Edizioa:1
Sarrera elektronikoa:https://znanium.com/catalog/document?id=136273
https://znanium.com/cover/0416/416114.jpg
Etiketak: Etiketa erantsi
Etiketarik gabe, Izan zaitez lehena erregistro honi etiketa jartzen!
LEADER 02615nam0a2200301 i 4500
001 RU\infra-m\znanium\bibl\416114
003 https://znanium.com/catalog/document?id=136273
005 20200211000000.0
100 |a 20200211d2013 m y0rusy0150 ca 
101 0 |a rus 
102 |a RU 
200 1 |a Правовая организация управления библиотечным делом в России  |e Монография  |f Российский экономический университет им. Г.В. Плеханова 
205 |a 1 
210 1 |a Саратов  |c Издательство Саратовского государственного университета  |d 2007 
215 |a 197 с. 
330 |a В монографии рассматриваются организационно-правовые вопросы управления библиотечным делом. Исследуется история возникновения и развития организационно-правовых форм библиотечного дела в России раскрывается социальная сущность современных библиотечных учреждений. Даётся анализ административно-правового статуса библиотек. Проводится исследование нормативно-правовых актов регулирующих библиотечную деятельность. Для студентов преподавателей аспирантов юридических и библиотечных вузов работников культуры. 
333 |a ВО - Магистратура 
606 |a Право. Юридические науки  |x Административное право. Муниципальное право.  |2 local 
608 |a Монография  |2 local 
675 |a 02  |z rus 
686 |a 78  |2 rubbk 
686 |a 40.04.01  |2 okso 
686 |a 51.04.06  |2 okso 
700 1 |a Братановский  |b С.Н.  |g Сергей Николаевич  |p Российский экономический университет им. Г.В. Плеханова 
701 1 |a Линник  |b В.В. 
801 0 |a RU  |b Общество с ограниченной ответственностью «ЗНАНИУМ»  |c 20130328  |2 rusmarc 
856 4 |a znanium.com  |m ebs_support@infra-m.ru  |n НИЦ ИНФРА-М  |u https://znanium.com/catalog/document?id=136273 
856 4 1 |a znanium.com  |d /cover/0416  |f 416114.jpg  |q image/jpeg  |u https://znanium.com/cover/0416/416114.jpg